| 000 | 00511nam a2200157Ia 4500 | ||
|---|---|---|---|
| 008 | 151213s9999 xx 000 0 und d | ||
| 100 | _aPhilip D.Grub ,Dara khambata | ||
| 245 |
_aThe Multinational Enterprise in Transition Statistics for Global Competitiveness _cPhilip D.Grub ,Dara khambata |
||
| 250 | _a4th | ||
| 260 |
_aNew Jerssey _bDarwin _c1993 |
||
| 300 | _a2971 p. | ||
| 650 | _aBusiness | ||
| 650 | _aInternational Business Enterprise | ||
| 700 | _aPhilip D.Grub ,Dara khambata | ||
| 999 |
_c2058 _d2058 |
||